| 000 | 00377nam a22001337a 4500 | ||
|---|---|---|---|
| 020 | _a9780333625576 | ||
| 040 | _cNUST | ||
| 082 |
_a519.5 _bSWI |
||
| 100 |
_aSwift, Louise _959986 |
||
| 245 | _aMathematics and Statistics for Business, Management and Finance | ||
| 260 |
_aBasingstoke: _bMacmillan Press , _c1997. |
||
| 650 |
_aMathematical statistics _961 |
||
| 942 |
_2ddc _cBK |
||
| 999 |
_c610983 _d610983 |
||